[Event "28. Schweinfurt Open"]
[Site "Schweinfurt"]
[Date "2018.05.31"]
[Round "2.23"]
[White "Seelmann, David"]
[Black "Grasmik, Waldemar"]
[Result "1-0"]
[WhiteElo "958"]
[BlackElo "1557"]
[PlyCount "49"]
[EventDate "2018.06.??"]
[EventType "swiss"]
[EventRounds "7"]
[EventCountry "GER"]
[WhiteTeam "SF Zeiler Turm"]
[BlackTeam "(vls) Bad Kissingen"]

1. e4 d5 2. Nc3 d4 3. Nb1 a6 4. Nf3 c5 5. c3 Nc6 6. b3 h5 7. Bb2 e5 8. cxd4
exd4 9. Qe2 Qc7 10. e5 Be6 11. d3 Bf5 12. Nbd2 Nb4 13. Nc4 Bxd3 14. Qd1 Nc2+
15. Kd2 Nxa1 16. Bxd3 b5 17. Nd6+ Bxd6 18. exd6 Qa5+ 19. Kc1 Qxa2 20. Re1+ Kf8
21. Bc2 Nxb3+ 22. Bxb3 Qxb3 23. Qxb3 c4 24. Qb4 Re8 25. d7+ 1-0

[Event "28. Schweinfurt Open"]
[Site "Schweinfurt"]
[Date "2018.05.31"]
[Round "2.24"]
[White "Nicola, Marius"]
[Black "Gerhard, Philipp"]
[Result "1-0"]
[WhiteElo "1517"]
[BlackElo "892"]
[PlyCount "57"]
[EventDate "2018.06.??"]
[EventType "swiss"]
[EventRounds "7"]
[EventCountry "GER"]
[WhiteTeam "SK Schweinfurt 2000"]
[BlackTeam "TSV 1895 Karlburg"]

1. e4 e5 2. f4 exf4 3. Nf3 d6 4. d4 Bg4 5. Bxf4 Bxf3 6. Qxf3 Nc6 7. d5 Nb4 8.
Qf2 Qd7 9. a3 Na6 10. Bxa6 bxa6 11. O-O Rb8 12. e5 dxe5 13. Bxe5 Qxd5 14. Qe2
Bc5+ 15. Bd4+ Ne7 16. Bxc5 Qxc5+ 17. Kh1 Rxb2 18. Qe4 Qxc2 19. Qa8+ Kd7 20. Qf3
Rhb8 21. Nd2 Ke8 22. Qxf7+ Kd7 23. Rad1 Qd3 24. Nc4 Rb1 25. Rxd3+ Kc8 26. Qe6+
Kb7 27. Rxb1+ Ka8 28. Rxb8+ Kxb8 29. Qxa6 1-0

[Event "28. Schweinfurt Open"]
[Site "Schweinfurt"]
[Date "2018.06.01"]
[Round "3.1"]
[White "Seuffert, Gabriel"]
[Black "Schmitz, Wolfgang"]
[Result "1-0"]
[WhiteElo "2313"]
[BlackElo "2046"]
[PlyCount "37"]
[EventDate "2018.??.??"]
[WhiteTeam "SK Schweinfurt 2000"]
[BlackTeam "SC Prichsenstadt"]

1. c4 c6 2. Nf3 d5 3. g3 Nf6 4. Bg2 Bf5 5. cxd5 cxd5 6. Qb3 Qb6 7. Nc3 Qxb3 8.
axb3 Nc6 9. d3 e5 10. Bg5 O-O-O 11. O-O Kb8 12. d4 exd4 13. Nb5 Bc5 14. Bf4+
Kc8 15. Rfc1 a6 16. Rxc5 Ne4 17. Na7+ Kd7 18. Nxc6 bxc6 19. Ne5+ 1-0

[Event "28. Schweinfurt Open"]
[Site "Schweinfurt"]
[Date "2018.06.01"]
[Round "3.2"]
[White "Hofstetter, Hans-Joachim"]
[Black "Bussard, Christian"]
[Result "1/2-1/2"]
[WhiteElo "2161"]
[BlackElo "2255"]
[PlyCount "62"]
[EventDate "2018.??.??"]
[WhiteTeam "SK 1933 Bad Neustadt"]
[BlackTeam "SG Niederkassel"]

1. e4 e5 2. Nf3 d6 3. Bc4 Be7 4. c3 Nf6 5. d3 O-O 6. O-O c6 7. Bb3 Bg4 8. Nbd2
Qc7 9. h3 Bh5 10. Re1 Nbd7 11. Nf1 d5 12. exd5 Nxd5 13. d4 Bf6 14. g4 exd4 15.
c4 Nf4 16. Bxf4 Qxf4 17. gxh5 Nc5 18. Kg2 Ne6 19. Qd2 Qf5 20. Rxe6 Qxe6 21.
Nxd4 Qe5 22. Nf3 Qxb2 23. Qxb2 Bxb2 24. Rb1 Bf6 25. Ba4 Rab8 26. Ne3 Rfe8 27.
Ng4 Bc3 28. Rb3 Ba1 29. Rb1 Bc3 30. Rb3 Ba1 31. Rb1 Bc3 1/2-1/2

[Event "28. Schweinfurt Open"]
[Site "Schweinfurt"]
[Date "2018.06.01"]
[Round "3.3"]
[White "Schmid, Michael"]
[Black "Maar, Samuel"]
[Result "1/2-1/2"]
[WhiteElo "2191"]
[BlackElo "1992"]
[PlyCount "112"]
[EventDate "2018.??.??"]
[WhiteTeam "SC Bad Königshofen 1957"]
[BlackTeam "Sfr. Bad Emstal/Wolfhagen"]

1. e4 c5 2. c3 d5 3. exd5 Qxd5 4. Na3 Nc6 5. Nf3 Nf6 6. d4 e6 7. Nb5 Qd8 8.
dxc5 Bxc5 9. Qxd8+ Kxd8 10. Bf4 e5 11. O-O-O+ Bd7 12. Bxe5 Ng4 13. Bc7+ Kc8 14.
Bg3 Bxf2 15. Nd6+ Kc7 16. Bf4 Be3+ 17. Bxe3 Nxe3 18. Nb5+ Kd8 19. Rd3 Ng4 20.
Rd2 Ke7 21. Nd6 Be6 22. Nxb7 Rhc8 23. Nd6 Rd8 24. Nc4 Rac8 25. b3 Nf6 26. Bd3
Nd5 27. Kb2 Nf4 28. Rhd1 Nxd3+ 29. Rxd3 Rxd3 30. Rxd3 Bxc4 31. bxc4 Na5 32. Nd2
Nxc4+ 33. Nxc4 Rxc4 34. Kb3 Rc6 35. c4 f5 36. Kb4 Rd6 37. Re3+ Kd7 38. Ra3 a6
39. c5 Rc6 40. Kc4 f4 41. Kd5 g5 42. Rb3 Kc7 43. a4 Rf6 44. Ke5 Rf8 45. Rh3 g4
46. Rxh7+ Kc6 47. Rg7 f3 48. gxf3 gxf3 49. Rg1 Rh8 50. Rf1 Rh5+ 51. Kd4 Rxh2
52. Rxf3 Rh4+ 53. Kc3 Kxc5 54. Rf5+ Kb6 55. Kb3 Re4 56. Rg5 Rf4 1/2-1/2

[Event "28. Schweinfurt Open"]
[Site "Schweinfurt"]
[Date "2018.06.01"]
[Round "3.4"]
[White "Hohner, Karl-Heinz"]
[Black "Seidens, Udo"]
[Result "0-1"]
[WhiteElo "1806"]
[BlackElo "2169"]
[PlyCount "24"]
[EventDate "2018.??.??"]
[WhiteTeam "(vls) Kronach"]
[BlackTeam "SK Schweinfurt 2000"]

1. d4 Nf6 2. c4 e6 3. Nc3 Bb4 4. Qc2 c5 5. dxc5 Nc6 6. Nf3 O-O 7. g3 Qa5 8. Bd2
Qxc5 9. Qb3 Na5 10. Qc2 Nxc4 11. Rc1 Nxd2 12. Nxd2 d5 0-1

[Event "28. Schweinfurt Open"]
[Site "Schweinfurt"]
[Date "2018.06.01"]
[Round "3.5"]
[White "Kuhn, Norbert"]
[Black "Brux, Juergen"]
[Result "1-0"]
[WhiteElo "2076"]
[BlackElo "1757"]
[PlyCount "39"]
[EventDate "2018.??.??"]
[WhiteTeam "SV Würzburg von 1865"]
[BlackTeam "DT Münnerstadt"]

1. e4 c5 2. Nf3 d6 3. Bb5+ Bd7 4. Bxd7+ Nxd7 5. O-O Ngf6 6. Re1 g6 7. c3 e6 8.
d4 Bg7 9. Bg5 Qc7 10. Na3 O-O 11. Qd2 a6 12. Bh6 b5 13. Rad1 Rad8 14. h3 e5 15.
dxe5 dxe5 16. Bxg7 Kxg7 17. Qd6 Qb7 18. Nxe5 Nxe4 19. Qc6 Qb8 20. Nxd7 1-0

[Event "28. Schweinfurt Open"]
[Site "Schweinfurt"]
[Date "2018.06.01"]
[Round "3.6"]
[White "Gehrig, Thomas"]
[Black "Milovanovic, Milos"]
[Result "1/2-1/2"]
[WhiteElo "2022"]
[BlackElo "1829"]
[PlyCount "116"]
[EventDate "2018.??.??"]
[WhiteTeam "SC Maßbach 1951"]
[BlackTeam "SF Gottmadingen"]

1. c4 Nf6 2. Nf3 g6 3. d4 Bg7 4. Nc3 d6 5. Bf4 O-O 6. e3 Nh5 7. Bg3 Nxg3 8.
hxg3 c5 9. Rc1 cxd4 10. Nxd4 Nc6 11. Nxc6 bxc6 12. Qd2 Qa5 13. b3 Rd8 14. Bd3
d5 15. cxd5 cxd5 16. Ne2 Qb6 17. O-O a5 18. Rb1 e5 19. Nc3 e4 20. Na4 Qd6 21.
Be2 Bd7 22. Nb2 Bc6 23. Nd1 Qb4 24. Qe1 Rdb8 25. Rc1 Rb6 26. Nc3 a4 27. Qd2
axb3 28. axb3 Rab8 29. Rfd1 Bxc3 30. Rxc3 Ba8 31. Qc2 Qa3 32. Rb1 Bb7 33. b4
Qa7 34. b5 Ra8 35. Rcb3 Qb8 36. Qc3 Qd6 37. Qd4 Ra2 38. R3b2 Rxb2 39. Qxb2 Qf6
40. Qb4 Qd6 41. Qb2 Qf6 42. Qb4 h5 43. Qc5 Kg7 44. Qb4 h4 45. Qd4 hxg3 46. fxg3
Qxd4 47. exd4 Kf6 48. Kf2 Ke6 49. Rc1 Kd6 50. Ke3 Kd7 51. Rc5 Rd6 52. Rc2 Kd8
53. Bg4 f5 54. Be2 Bc8 55. Kf4 Be6 56. Ke5 Ke7 57. Rc6 Rxc6 58. bxc6 e3 1/2-1/2

[Event "28. Schweinfurt Open"]
[Site "Schweinfurt"]
[Date "2018.06.01"]
[Round "3.7"]
[White "Blank, Stefan"]
[Black "Krenz, Dieter"]
[Result "0-1"]
[WhiteElo "1766"]
[BlackElo "1907"]
[PlyCount "92"]
[EventDate "2018.??.??"]
[WhiteTeam "SC Sulzbach"]
[BlackTeam "SC Prichsenstadt"]

1. e4 Nf6 2. d3 e5 3. Nf3 Nc6 4. Be2 g6 5. O-O Bg7 6. c3 O-O 7. h3 Re8 8. Kh2
d5 9. Qc2 h6 10. Ng1 b6 11. Bf3 Bb7 12. g3 Qd6 13. b3 Rad8 14. a4 dxe4 15. dxe4
Na5 16. b4 Nc4 17. Qa2 Qe6 18. Be2 Nd6 19. Qxe6 Rxe6 20. f3 Nfe8 21. c4 f5 22.
c5 Nf7 23. Bc4 Re7 24. Nc3 Rd4 25. Bd5 c6 26. Bxf7+ Rxf7 27. cxb6 axb6 28. b5
fxe4 29. Nce2 Rc4 30. Be3 exf3 31. Rxf3 Rxf3 32. Nxf3 Rc2 33. Nfg1 cxb5 34.
Bxb6 b4 35. a5 Ba6 36. g4 e4 37. Rc1 Ra2 38. Kg3 Bxe2 39. Nxe2 Rxe2 40. Rc5 Ra2
41. Kf4 Nd6 42. Bc7 g5+ 43. Ke3 Ra3+ 44. Ke2 Bf8 45. Rc6 Nb5 46. Bd8 Nd4+ 0-1

[Event "28. Schweinfurt Open"]
[Site "Schweinfurt"]
[Date "2018.06.01"]
[Round "3.8"]
[White "von Zimmermann, Georg"]
[Black "Drewes, Thomas"]
[Result "1-0"]
[WhiteElo "2034"]
[BlackElo "1770"]
[PlyCount "89"]
[EventDate "2018.??.??"]
[WhiteTeam "MSA Zugzwang 82"]
[BlackTeam "SV Würzburg von 1865"]

1. e4 e5 2. Nc3 Nf6 3. g3 c6 4. d4 exd4 5. Qxd4 d6 6. Bf4 Be7 7. O-O-O O-O 8.
Bxd6 Bxd6 9. Qxd6 Qb6 10. f3 Be6 11. g4 Na6 12. Qd4 Rfd8 13. Qxb6 Rxd1+ 14.
Kxd1 axb6 15. Nge2 b5 16. Nf4 Nc5 17. a3 g5 18. Nfe2 Bc4 19. Ng3 Be6 20. h4 h6
21. Bd3 b4 22. axb4 Nxd3 23. cxd3 Ra1+ 24. Ke2 Rxh1 25. Nxh1 gxh4 26. d4 h5 27.
g5 Nd7 28. f4 Bg4+ 29. Kf2 Nb6 30. b5 Nc4 31. bxc6 bxc6 32. b4 Nd2 33. d5 cxd5
34. exd5 Bf3 35. b5 Bxh1 36. b6 Bxd5 37. Nxd5 Ne4+ 38. Kg2 Nc5 39. Kh3 Kf8 40.
f5 Nb7 41. Kxh4 Ke8 42. Kxh5 Nd6 43. g6 fxg6+ 44. fxg6 Kf8 45. Kh6 1-0

[Event "28. Schweinfurt Open"]
[Site "Schweinfurt"]
[Date "2018.06.01"]
[Round "3.9"]
[White "Brodt, Andreas"]
[Black "Amtmann, Florian"]
[Result "0-1"]
[WhiteElo "1728"]
[BlackElo "2124"]
[PlyCount "72"]
[EventDate "2018.??.??"]
[WhiteTeam "SK Schweinfurt 2000"]
[BlackTeam "Spvgg 1946 Stetten"]

1. d4 Nf6 2. c4 c5 3. d5 b5 4. e3 e6 5. dxe6 fxe6 6. b3 bxc4 7. Bxc4 d5 8. Bb5+
Nbd7 9. Be2 Bd6 10. Bb2 O-O 11. Nf3 e5 12. Nbd2 e4 13. Ng5 Ne5 14. f4 exf3 15.
Ndxf3 Neg4 16. Bxf6 Nxf6 17. Qd2 Qe7 18. Kd1 a5 19. Bd3 Bb7 20. Qc2 Ne4 21. h4
Kh8 22. Bxe4 dxe4 23. Rb1 Rae8 24. Ne1 Bg3 25. Qc4 Rd8+ 26. Kc1 Bd5 27. Qe2 Qf6
28. Nc2 h6 29. Qg4 Qe5 30. Qh5 Bg8 31. Qg6 Rf2 32. Nxe4 Rxc2+ 33. Kxc2 Bh7 34.
Qxh7+ Kxh7 35. Ng5+ hxg5 36. hxg5+ Kg6 0-1

[Event "28. Schweinfurt Open"]
[Site "Schweinfurt"]
[Date "2018.06.01"]
[Round "3.10"]
[White "Neubauer, Jaroslaus"]
[Black "Braetz, Yannick"]
[Result "1-0"]
[WhiteElo "2020"]
[BlackElo "1685"]
[PlyCount "51"]
[EventDate "2018.??.??"]
[WhiteTeam "SK Schweinfurt 2000"]
[BlackTeam "SK Schweinfurt 2000"]

1. e4 e5 2. Nf3 Nc6 3. d4 exd4 4. Nxd4 Bc5 5. Be3 Qf6 6. c3 Nge7 7. Nf5 Bxe3 8.
Nxe3 d6 9. Be2 O-O 10. O-O Qg6 11. Nd2 Kh8 12. f4 f5 13. Bd3 fxe4 14. Nxe4 Nf5
15. Nc2 Nfe7 16. Ng3 Nf5 17. Qd2 Qg4 18. Nxf5 Bxf5 19. Ne3 Qg6 20. Nxf5 Rxf5
21. Qc2 Raf8 22. Rae1 h5 23. Rf3 h4 24. Rh3 Qg4 25. Bxf5 Rxf5 26. Re8+ 1-0

[Event "28. Schweinfurt Open"]
[Site "Schweinfurt"]
[Date "2018.06.01"]
[Round "3.11"]
[White "Bardorz, Jana"]
[Black "Wiener, Horst"]
[Result "1-0"]
[WhiteElo "1622"]
[BlackElo "1941"]
[PlyCount "99"]
[EventDate "2018.??.??"]
[WhiteTeam "TSV 1869 Rottendorf"]
[BlackTeam "SK Schweinfurt 2000"]

1. e4 d6 2. d4 Nf6 3. Nc3 g6 4. Nf3 Bg7 5. Bc4 c5 6. dxc5 Qa5 7. O-O Qxc5 8.
Bb3 Nc6 9. Be3 Qh5 10. h3 O-O 11. Nd4 Qa5 12. f4 a6 13. Nxc6 bxc6 14. Qf3 Be6
15. g4 Nd7 16. f5 Ne5 17. Qg3 Bc4 18. Rf2 Bxb3 19. cxb3 Nd3 20. Rc2 Nxb2 21.
Bd2 Qc5+ 22. Kh1 Be5 23. Qf3 d5 24. Rxb2 Qa3 25. Rbb1 d4 26. Na4 Rad8 27. Qd3
Qd6 28. Nb6 gxf5 29. gxf5 Bf4 30. Nc4 Qh6 31. Qg3+ Bxg3 32. Bxh6 Kh8 33. Bxf8
Rxf8 34. Rg1 Bc7 35. Rad1 c5 36. Rd2 Bf4 37. Rdg2 d3 38. Rd1 Rd8 39. Kg1 Rd4
40. e5 h5 41. Kf2 h4 42. Rg4 Bg3+ 43. Kf3 Rd5 44. Ke3 Bxe5 45. Rxh4+ Kg7 46.
Nxe5 Rxe5+ 47. Re4 Rxf5 48. Rxe7 Rh5 49. Rh1 Rd5 50. Kd2 1-0

[Event "28. Schweinfurt Open"]
[Site "Schweinfurt"]
[Date "2018.06.01"]
[Round "3.12"]
[White "Roth, Jakob"]
[Black "Koehler, Michael"]
[Result "1-0"]
[WhiteElo "1898"]
[BlackElo "1603"]
[PlyCount "55"]
[EventDate "2018.??.??"]
[WhiteTeam "Spvgg 1946 Stetten"]
[BlackTeam "SC Prichsenstadt"]

1. d4 d5 2. c4 e6 3. Nc3 Nf6 4. cxd5 exd5 5. Bg5 Be7 6. e3 h6 7. Bh4 c6 8. Bd3
O-O 9. Nge2 b6 10. O-O Ba6 11. f3 Bxd3 12. Qxd3 Nbd7 13. Rad1 Re8 14. Bxf6 Nxf6
15. e4 c5 16. e5 Nd7 17. Nxd5 cxd4 18. f4 Bf8 19. Qf3 Rc8 20. Nxd4 Bc5 21. b4
Bxd4+ 22. Rxd4 Rc2 23. Qg4 Qc8 24. Ne3 Rc7 25. Nf5 g6 26. Nd6 Qd8 27. Nxe8 Qxe8
28. Rfd1 1-0

[Event "28. Schweinfurt Open"]
[Site "Schweinfurt"]
[Date "2018.06.01"]
[Round "3.13"]
[White "Weineck, Ekkehard"]
[Black "Orf, Niklas"]
[Result "1/2-1/2"]
[WhiteElo "1594"]
[BlackElo "1893"]
[PlyCount "34"]
[EventDate "2018.??.??"]
[WhiteTeam "SV Würzburg von 1865"]
[BlackTeam "SK 1933 Bad Neustadt"]

1. e4 d6 2. d4 Nf6 3. Nc3 Nbd7 4. Nf3 e5 5. Bc4 Be7 6. O-O c6 7. a3 Qc7 8. Re1
h6 9. d5 a5 10. h3 Nc5 11. Rb1 b5 12. b4 axb4 13. axb4 Ncxe4 14. Nxb5 cxb5 15.
Bxb5+ Bd7 16. Bxd7+ Qxd7 17. Qd3 Qb7 1/2-1/2

[Event "28. Schweinfurt Open"]
[Site "Schweinfurt"]
[Date "2018.06.01"]
[Round "3.14"]
[White "Kwossek, Martin"]
[Black "Nicola, Marius"]
[Result "1/2-1/2"]
[WhiteElo "1875"]
[BlackElo "1517"]
[PlyCount "98"]
[EventDate "2018.??.??"]
[WhiteTeam "SC Kitzingen von 1905"]
[BlackTeam "SK Schweinfurt 2000"]

1. d4 e6 2. Nf3 Nf6 3. Bf4 c5 4. e3 d5 5. Bd3 Bd6 6. Bg3 c4 7. Be2 Bxg3 8. hxg3
Nc6 9. c3 Qc7 10. Nbd2 h6 11. Qc2 b5 12. e4 b4 13. e5 Nd7 14. g4 Bb7 15. g5
O-O-O 16. gxh6 gxh6 17. Nf1 Rdg8 18. Ne3 f5 19. g3 Nb6 20. Qd2 a5 21. Nc2 Qe7
22. Rxh6 b3 23. axb3 cxb3 24. Na3 Qf8 25. Rh4 Rg4 26. O-O-O Rgxh4 27. Nxh4 f4
28. Ng6 Qe8 29. Nxh8 f3 30. Bxf3 Nc4 31. Nxc4 dxc4 32. Rh1 a4 33. Be4 Qf8 34.
Ng6 a3 35. bxa3 Qxa3+ 36. Qb2 Qa5 37. Bxc6 Bxc6 38. Ne7+ Kd7 39. Nxc6 Kxc6 40.
Rh6 Kd5 41. f4 Ke4 42. Qb1+ Kd5 43. f5 Qxc3+ 44. Kd1 Qxd4+ 45. Ke2 Qxe5+ 46.
Kf3 Qc3+ 47. Ke2 Qe5+ 48. Kf3 Qc3+ 49. Ke2 Qe5+ 1/2-1/2

[Event "28. Schweinfurt Open"]
[Site "Schweinfurt"]
[Date "2018.06.01"]
[Round "3.15"]
[White "Reichert, Josef"]
[Black "Heiduk, Christoph"]
[Result "0-1"]
[WhiteElo "1508"]
[BlackElo "1835"]
[PlyCount "60"]
[EventDate "2018.??.??"]
[WhiteTeam "SC Maßbach 1951"]
[BlackTeam "SC Bayerwald Regen/Zwiesel e.V."]

1. d4 Nf6 2. c4 e6 3. Nf3 b6 4. Nc3 Bb4 5. a3 Bxc3+ 6. bxc3 Bb7 7. Bg5 h6 8.
Bh4 g5 9. Bg3 Ne4 10. Qc2 d6 11. e3 Nd7 12. Bd3 f5 13. O-O Ndf6 14. Nd2 Qd7 15.
f3 Nxg3 16. hxg3 O-O-O 17. a4 a5 18. d5 Kb8 19. e4 f4 20. g4 h5 21. Be2 e5 22.
Qd1 hxg4 23. fxg4 Qh7 24. Bf3 Qh2+ 25. Kf2 Qg3+ 26. Ke2 Nxg4 27. Qe1 Qxe1+ 28.
Rfxe1 Ne3 29. Kd3 g4 30. Nf1 Nxf1 0-1

[Event "28. Schweinfurt Open"]
[Site "Schweinfurt"]
[Date "2018.06.01"]
[Round "3.16"]
[White "Baumgaertner, Frank"]
[Black "Dehmel, Manfred"]
[Result "1-0"]
[WhiteElo "1790"]
[BlackElo "1222"]
[PlyCount "21"]
[EventDate "2018.??.??"]
[WhiteTeam "Kronacher SK 1882"]
[BlackTeam "SC KS Alzenau"]

1. d4 d5 2. Bf4 e6 3. e3 h6 4. Nf3 Bd6 5. Nc3 a6 6. Bd3 Nc6 7. a3 Bxf4 8. exf4
Qf6 9. g3 Nxd4 10. Nxd4 Qxd4 11. Bb5+ 1-0

[Event "28. Schweinfurt Open"]
[Site "Schweinfurt"]
[Date "2018.06.01"]
[Round "3.17"]
[White "Bardorz, Christoph"]
[Black "Reichert, Claudia"]
[Result "1/2-1/2"]
[WhiteElo "1749"]
[BlackElo "1190"]
[PlyCount "74"]
[EventDate "2018.??.??"]
[WhiteTeam "TSV 1869 Rottendorf"]
[BlackTeam "DT Münnerstadt"]

1. e4 e5 2. Nf3 Nc6 3. Bc4 Bc5 4. d3 h6 5. c3 Nf6 6. Nbd2 d6 7. Bb3 a6 8. h3
Qe7 9. Nf1 Be6 10. Ng3 Qd7 11. Bc2 Ne7 12. a4 Ng6 13. O-O Nf4 14. Kh2 g5 15.
Nf5 Bxf5 16. exf5 g4 17. Ng1 gxh3 18. Nxh3 Nxh3 19. gxh3 O-O-O 20. b4 Ba7 21.
b5 a5 22. Be3 Bxe3 23. fxe3 Rhg8 24. Qf3 Rg5 25. e4 d5 26. Rae1 d4 27. c4 Qd6
28. Rg1 Rdg8 29. Rxg5 Rxg5 30. Rg1 Nd7 31. Rxg5 hxg5 32. Qh5 Qe7 33. Kg3 f6 34.
h4 gxh4+ 35. Kxh4 b6 36. Qg6 Qf8 37. Kh5 Qh8+ 1/2-1/2

[Event "28. Schweinfurt Open"]
[Site "Schweinfurt"]
[Date "2018.06.01"]
[Round "3.18"]
[White "Chen, Jiwei"]
[Black "Voelker, Joachim"]
[Result "0-1"]
[WhiteElo "1018"]
[BlackElo "1749"]
[PlyCount "36"]
[EventDate "2018.??.??"]
[WhiteTeam "SK Schweinfurt 2000"]
[BlackTeam "SK Schweinfurt 2000"]

1. e4 e6 2. d3 d5 3. Bd2 c5 4. Nf3 Qb6 5. b3 Nc6 6. Be2 Nf6 7. O-O dxe4 8. dxe4
Nxe4 9. Be3 Be7 10. c3 O-O 11. Qd3 f5 12. Na3 a6 13. Nc4 Qc7 14. g3 b5 15. Ncd2
Nf6 16. Bf4 e5 17. Bg5 e4 18. Qe3 Nd5 0-1

[Event "28. Schweinfurt Open"]
[Site "Schweinfurt"]
[Date "2018.06.01"]
[Round "3.19"]
[White "Kiesel, Jannik"]
[Black "Seelmann, David"]
[Result "1-0"]
[WhiteElo "997"]
[BlackElo "958"]
[PlyCount "93"]
[EventDate "2018.??.??"]
[WhiteTeam "DT Münnerstadt"]
[BlackTeam "SF Zeiler Turm"]

1. e4 e5 2. Bc4 Bc5 3. d4 Bxd4 4. Nf3 Bb6 5. Nxe5 Qf6 6. Qf3 Ne7 7. Qxf6 gxf6
8. Nxf7 Rf8 9. Nh6 f5 10. Nc3 Ba5 11. exf5 Nxf5 12. Nxf5 Rxf5 13. Bd2 Nc6 14.
O-O b6 15. Rfe1+ Ne7 16. Bd3 Rf7 17. Be4 c6 18. a3 Bxc3 19. Bxc3 Bb7 20. Bb4
O-O-O 21. Bd6 Nf5 22. Bxf5 Rxf5 23. Re7 Rd5 24. Bb4 c5 25. Bc3 Rg5 26. g3 h5
27. h4 Rd5 28. b4 c4 29. a4 Rf8 30. Rae1 Rdf5 31. b5 Rxf2 32. Re8+ Rxe8 33.
Rxe8+ Kc7 34. Kxf2 a5 35. Be5+ d6 36. Re7+ Kd8 37. Rxb7 Kc8 38. Rh7 dxe5 39.
Ke3 c3 40. Ke4 Kd8 41. Kxe5 Ke8 42. Kf6 Kd8 43. Ke6 Kc8 44. Kd6 Kb8 45. Kc6 Ka8
46. Kxb6 Kb8 47. Rh8# 1-0

[Event "28. Schweinfurt Open"]
[Site "Schweinfurt"]
[Date "2018.06.01"]
[Round "3.21"]
[White "Bardorz, Stefan"]
[Black "Seelmann, Noah"]
[Result "0-1"]
[WhiteElo "1714"]
[BlackElo "1133"]
[PlyCount "58"]
[EventDate "2018.??.??"]
[WhiteTeam "TSV 1869 Rottendorf"]
[BlackTeam "SF Zeiler Turm"]

1. e4 Nf6 2. e5 Nd5 3. d4 d6 4. c4 Nb6 5. f4 g6 6. Nf3 Bg4 7. Be2 Bxf3 8. gxf3
Bg7 9. Nc3 O-O 10. Be3 Nc6 11. Qd2 Qc8 12. O-O-O Rd8 13. h4 dxe5 14. fxe5 Nxe5
15. c5 Nec4 16. Bxc4 Nxc4 17. Qe2 Nxe3 18. Qxe3 e6 19. Rh2 b6 20. cxb6 axb6 21.
h5 c5 22. d5 b5 23. h6 Bh8 24. d6 b4 25. Ne4 Rxa2 26. Rdd2 Qa6 27. Qe2 Ra1+ 28.
Kc2 b3+ 29. Kxb3 Qa4# 0-1

[Event "28. Schweinfurt Open"]
[Site "Schweinfurt"]
[Date "2018.06.01"]
[Round "3.22"]
[White "Roth, Claudia"]
[Black "Roth, Ludwig"]
[Result "0-1"]
[WhiteElo "1092"]
[BlackElo "1578"]
[PlyCount "74"]
[EventDate "2018.??.??"]
[WhiteTeam "Spvgg 1946 Stetten"]
[BlackTeam "Spvgg 1946 Stetten"]

1. e4 d6 2. Nf3 Nf6 3. Nc3 g6 4. Bc4 Bg7 5. O-O O-O 6. d4 Nxe4 7. Nxe4 d5 8.
Nf6+ Bxf6 9. Bb3 Nc6 10. c3 Bf5 11. Re1 Re8 12. h3 Qd7 13. Be3 Rad8 14. a3 e5
15. Rc1 Be4 16. Bg5 Bxf3 17. Qxf3 Bxg5 18. Rcd1 Bf4 19. Ba4 Qf5 20. Bxc6 bxc6
21. b4 e4 22. Qg4 Qxg4 23. hxg4 e3 24. fxe3 Rxe3 25. Rxe3 Bxe3+ 26. Kf1 Bg5 27.
a4 Re8 28. b5 Re3 29. bxc6 Rxc3 30. Re1 Rc1 31. Kf2 Bh4+ 32. Ke2 Rxe1+ 33. Kf3
Bf6 34. Kf2 Re6 35. Kg3 Bxd4 36. Kh4 Bf2+ 37. g3 d4 0-1

[Event "28. Schweinfurt Open"]
[Site "Schweinfurt"]
[Date "2018.06.01"]
[Round "3.24"]
[White "Loew, Leonid"]
[Black "Gerhard, Philipp"]
[Result "1-0"]
[WhiteElo "1382"]
[BlackElo "892"]
[PlyCount "31"]
[EventDate "2018.??.??"]
[WhiteTeam "Allersberger SC 2000"]
[BlackTeam "TSV 1895 Karlburg"]

1. e4 e5 2. Nf3 Nf6 3. Nc3 Nc6 4. Bc4 Nd4 5. Nxe5 Qe7 6. Ng4 d5 7. Nxf6+ Qxf6
8. Nxd5 Qg6 9. Ne3 Qxe4 10. d3 Qg6 11. c3 Nf5 12. O-O Nxe3 13. fxe3 Bh3 14.
Bxf7+ Qxf7 15. Rxf7 Kxf7 16. Qh5+ 1-0

[Event "28. Schweinfurt Open"]
[Site "Schweinfurt"]
[Date "2018.06.02"]
[Round "4.1"]
[White "Seidens, Udo"]
[Black "Seuffert, Gabriel"]
[Result "0-1"]
[WhiteElo "2169"]
[BlackElo "2313"]
[PlyCount "106"]
[EventDate "2018.??.??"]
[WhiteTeam "SK Schweinfurt 2000"]
[BlackTeam "SK Schweinfurt 2000"]

1. Nf3 Nf6 2. d4 c5 3. c4 cxd4 4. Nxd4 Nc6 5. Nc3 e6 6. Ndb5 d6 7. e4 a6 8. Na3
b6 9. Be2 Bb7 10. O-O Be7 11. Be3 O-O 12. f4 Qc7 13. Rc1 Nb8 14. Bf3 Nbd7 15.
Qc2 Rac8 16. Qb1 Qb8 17. Rcd1 Bc6 18. Nc2 Qa8 19. Nd4 Bb7 20. b3 b5 21. g4 b4
22. g5 bxc3 23. gxf6 Bxf6 24. Ne2 Nc5 25. Ng3 Rfd8 26. Qc2 a5 27. Kg2 Bh4 28.
Bxc5 dxc5 29. Qxc3 Bxg3 30. hxg3 Bxe4 31. Rfe1 Bxf3+ 32. Qxf3 Kf8 33. Qxa8 Rxa8
34. Rxd8+ Rxd8 35. Re5 Rc8 36. Kf3 Ke7 37. g4 f6 38. Rh5 h6 39. Ke4 Kd6 40. f5
Re8 41. Rh2 exf5+ 42. Kxf5 Re5+ 43. Kf4 Kc6 44. Rd2 g5+ 45. Kf3 f5 46. Rd8 f4
47. Rh8 Re3+ 48. Kf2 Rh3 49. Ra8 Kd6 50. Rxa5 Ke5 51. Ra6 Rh2+ 52. Kf3 h5 53.
gxh5 Kf5 0-1

[Event "28. Schweinfurt Open"]
[Site "Schweinfurt"]
[Date "2018.06.02"]
[Round "4.2"]
[White "Bussard, Christian"]
[Black "Kuhn, Norbert"]
[Result "1-0"]
[WhiteElo "2255"]
[BlackElo "2076"]
[PlyCount "139"]
[EventDate "2018.??.??"]
[WhiteTeam "SG Niederkassel"]
[BlackTeam "SV Würzburg von 1865"]

1. d4 d5 2. Bf4 e6 3. e3 Nf6 4. Nd2 Be7 5. c3 O-O 6. Bd3 Re8 7. Ngf3 Nbd7 8.
Qc2 c5 9. Ne5 c4 10. Be2 Nxe5 11. Bxe5 b5 12. O-O Bb7 13. Bxf6 Bxf6 14. f4 g6
15. Bf3 Bg7 16. g3 Qb6 17. Bg2 a5 18. Nf3 Qd6 19. Ne5 Reb8 20. Rfe1 Rc8 21. Re2
Rc7 22. Rae1 Rac8 23. Rf2 Rd8 24. Qd1 Ba8 25. Qg4 Rb8 26. Qd1 Rd8 27. h4 Rb8
28. h5 b4 29. hxg6 hxg6 30. Qa4 Qb6 31. Bf3 Qb5 32. Qc2 Rb6 33. Kg2 a4 34. Rh1
a3 35. bxa3 bxa3 36. Bg4 Qe8 37. Rb1 Rxb1 38. Qxb1 Rb7 39. Qc1 Qa4 40. Bd1 Qa6
41. Nf3 Rb6 42. Ne5 Rb7 43. Nf3 Rb6 44. Ng1 Bc6 45. Rd2 Bf8 46. Nf3 Ba4 47. Kf2
Bxd1 48. Qxd1 Rb2 49. Qc1 Rb8 50. Rc2 Qa4 51. Ke2 Be7 52. Ne5 Kg7 53. Kf3 Bf6
54. Ng4 Rh8 55. Qb1 Rb8 56. Qh1 Rh8 57. Qg2 Be7 58. Rc1 Rb8 59. Rh1 Rh8 60. Rb1
Qa6 61. Qc2 Bd6 62. Qe2 Qc6 63. Qg2 Qa6 64. Nf2 Qc6 65. Rh1 Rxh1 66. Qxh1 Qb7
67. g4 Qb2 68. g5 f5 69. gxf6+ Kxf6 70. Qh7 1-0